Регионална библиотека "Любен Каравелов" - Русе

Диференциална диагностика на по-важните симптоми на детските болести (Запис номер 56699)

MARC детайли
000 -Лидер
Контролно поле с фиксирана дължина 01407nam a2200301 c 4500
003 - Код на организацията, давaща контролен номер
Контролно поле BLK
005 - Дата и час на последна редакция
Контролно поле 20221212170105.0
008 - Елементи от данни с фиксирана дължина
fixed length control field 180408b bul|||||r ||||||| ||bul||
010 ## - Наследен системен номер
LC control number KNG00060683000
040 ## - Източник на каталожния запис
Идентификатор на билиотеката - собственик на записа BLK
041 ## - Код за език
Код за езика на текст/звукозапис или на отделно заглавие Български
Код за езика КДБФ Български
080 ## - УДК
Текстов определител УДК Педиатрия. Детски болести. Вж и 613.22 ; 613.95
УДК код - определител по УДК 616-053.2
УДК определител (035)
УДК - код + определител 616-053.2(035)
100 1# - Редна дума - Автор
Автор Андреев, Иван
Авторска отговорност първи автор
R(LIN) 244580
139 ## - Редно поле
Редна дума Диференциална диагностика на по-важните симптоми на детските болести
Авторски знак Ди - Д 53
245 10 - Сведения за заглавието
Заглавие Диференциална диагностика на по-важните симптоми на детските болести
Подзаглавни данни Ръководство
Редно поле (дума) Иван Андреев.
250 ## - Област на изданието
Сведения за изданието 4. прераб. и доп. изд
257 ## - Страна на издаване
Страна на създаване/издаване България
260 ## - Област на издателските данни
Име на издателя, разпространителя и проч. Медицина и физкултура
Година на издаване 1981
Печатница Пловдив : Д. Благоев
Място на издаване, разпространение и проч. София
300 ## - Физическа характеристика
Страници 725 с.
Размери/Мащаб 22 см
380 ## - Жанр
Жанр Медицина
500 ## - Общи забележки
Забележка Пълното име на авт. Иван Андреев е Иван Андреев Цветанов 1. изд. 1961. - Азб. показалец
650 #4 - Допълнително описание по предмет – тема
Основно описание – тема или топоним Детски болести - диагностика
9 (RLIN) 246016
852 ## - Местоположение
Форматна сигнатура Цб 108415
856 4# - Електронен адрес и достъп
Електронен формат pdf - файл
Инструкция (цена за достъп) 0.00
Права за достъп disable
856 4# - Електронен адрес и достъп
Електронен формат pdf - файл
Инструкция (цена за достъп) 0.00
Права за достъп disable
999 ## - СИСТЕМНИ КОНТРОЛНИ НОМЕРА
Koha biblionumber 56699
Koha biblioitemnumber 56699
942 ## - АРТИКУЛИ
Вид на библиотечния материал Книги
Скрит в OPAC Не
Периодичен библиозапис Да
944 ## - СЪЗДАВАНЕ И РЕДАКЦИЯ на ЗАПИСА
Създаване/Редакция Създаване
Дата на регистрацията/редакция 13.06.2004
Служител, извършил регистрацията/редакцията Читалня
944 ## - СЪЗДАВАНЕ И РЕДАКЦИЯ на ЗАПИСА
Създаване/Редакция Редакция
Дата на регистрацията/редакция 12.10.2016
Служител, извършил регистрацията/редакцията Кети_Илиева
999 ## - СИСТЕМНИ КОНТРОЛНИ НОМЕРА
Koha biblioitemnumber 56699
Наличности
Код за отписване Код за изгубен артикул Източник на класификационната схема Код за повреда Коз за рестрикции Код за отдаване Артикулен № Име на библиотеката - собственик Име на библиотеката, в която се намира в момента Статус (Текущо местоположение) Дата на вписване в системата Местоположение - отдел Цена в лева Инвентарен номер Систематично азбучна сигнатура Баркод Номер на екземпляра Цена в евро Служебна бележка Служебен тип на артикула
Изтеглен Не е изгубен Universal Decimal Classification Не е повреден без рестрикции ползва се в читалня 90469 Регионална библиотека "Любен Каравелов" Русе Регионална библиотека "Любен Каравелов" Русе Читалня 1993-01-01 Читалня 8.55 326274 Ч 616-053.2/Д 53 326274 1 4.37 Дата инв: 20.03.2017 Бележки инв: Ч2017 Книги
  Не е изгубен Universal Decimal Classification Не е повреден без рестрикции ползва се в читалня 90470 Регионална библиотека "Любен Каравелов" Русе Регионална библиотека "Любен Каравелов" Русе Хранилище 1981-01-01 Хранилище 8.55 326911 Цб 108415 120000326911 2 4.37 Дост: Dp Вид: Д N: стар фонд Дата: 01.01.1981 Книги
Изтеглен Не е изгубен Universal Decimal Classification Не е повреден без рестрикции заемане за дома 90471 Регионална библиотека "Любен Каравелов" Русе Регионална библиотека "Любен Каравелов" Русе Заемна - подръчен фонд 1981-01-01 Заемна - подръчен фонд 8.55 326272 П 616-053.2/Д 53 326272 3 4.37 Дост: Pk Вид: Ф N: стар фонд Дата: 01.01.1981 Книги
Vip Innovations Ltd, Rousse, Bulgaria 2025